[Event "Macieja Memorial"]
[Site "Warsaw POL"]
[Date "2022.07.08"]
[Round "8.24"]
[White "Raczek, Krzysztof"]
[Black "Pakleza, Zbigniew"]
[Result "0-1"]
[WhiteElo "1951"]
[BlackElo "2467"]
[EventDate "????.??.??"]
[PlyCount "122"]

1.e4 d6 2.d4 Nf6 3.Nc3 c6 4.Be3 Qb6 5.Rb1 Ng4 6.Bc1 e5 7.Nf3 Nd7 8.h3 Ngf6 
9.Be3 Qc7 10.Be2 Be7 11.O-O O-O 12.Re1 Re8 13.a4 a6 14.Ra1 b6 15.Bc4 Nf8 
16.dxe5 dxe5 17.Qe2 h6 18.Red1 Bb7 19.Nh4 b5 20.Bb3 b4 21.Nb1 Nxe4 22.Bxf7+ 
Kxf7 23.Qc4+ Ne6 24.Qxe4 Kg8 25.Nf5 Bf6 26.Nd2 Nf4 27.Qxb4 Nxg2 28.Qc4+ Kh8 
29.Kxg2 c5+ 30.f3 Qd7 31.Ng3 Bh4 32.Nde4 Qe7 33.Qxc5 Qe6 34.Qb6 Qc8 35.Nd6 
Bxf3+ 36.Kh2 Qxc2+ 37.Rd2 Qg6 38.Rg1 Reb8 39.Qc6 Bxc6 40.Nge4 Bxe4 41.Rxg6 Bxg6 
42.Bc5 Bg5 43.Rg2 a5 44.h4 Bf4+ 45.Kg1 Bh5 46.Nb5 Rd8 47.Bd6 Rac8 48.Bc7 Rd1+ 
49.Kf2 Rd2+ 50.Kf1 Rxg2 51.Kxg2 Be2 52.Bxa5 Bxb5 53.axb5 Rc5 54.Bc3 Rxb5 55.Kf3 
Kh7 56.h5 Bc1 57.b4 Ba3 58.Ke4 Bxb4 59.Bxe5 Be7 60.Kf4 Bf6 61.Bd6 Rxh5 0-1

[Event "Macieja Memorial"]
[Site "Warsaw POL"]
[Date "2022.07.08"]
[Round "8.25"]
[White "Rudzinska, Michalina"]
[Black "Kanarek, Marcel"]
[Result "0-1"]
[WhiteElo "1905"]
[BlackElo "2394"]
[EventDate "????.??.??"]
[PlyCount "72"]

1.e4 c5 2.Nf3 Nc6 3.d4 cxd4 4.Nxd4 e5 5.Nb5 d6 6.a4 Be6 7.N1c3 a6 8.Na3 Rc8 
9.Bc4 Nd4 10.Nd5 Qh4 11.Qd3 f5 12.Nb6 Rxc4 13.Naxc4 Qxe4+ 14.Qxe4 fxe4 15.Ne3 
Nf6 16.O-O d5 17.Rd1 Bc5 18.a5 Ne2+ 19.Kf1 Nxc1 20.Raxc1 Bxb6 21.axb6 d4 22.c4 
dxe3 23.fxe3 Ke7 24.b3 Rc8 25.h3 Rc6 26.g4 Rxb6 27.g5 Nd7 28.Rc3 Nc5 29.Rb1 Rb4 
30.Kg2 a5 31.Ra1 Rxb3 32.Rxb3 Nxb3 33.Ra4 Bd7 34.Ra2 a4 35.Kf2 Kd6 36.Ke2 Nc1+ 0-1

[Event "Macieja Memorial"]
[Site "Warsaw POL"]
[Date "2022.07.08"]
[Round "8.26"]
[White "Pedzich, Dominik"]
[Black "Gorniewicz, Oskar"]
[Result "1-0"]
[WhiteElo "2350"]
[BlackElo "1895"]
[EventDate "????.??.??"]
[PlyCount "58"]

1.e4 d6 2.d4 Nf6 3.Nc3 e5 4.Nf3 exd4 5.Nxd4 Nc6 6.Bb5 Bd7 7.O-O Nxd4 8.Qxd4 
Bxb5 9.Nxb5 a6 10.e5 axb5 11.exf6 Qxf6 12.Qe4+ Be7 13.Qxb7 O-O 14.Re1 d5 
15.Qxd5 c6 16.Qf3 Qxf3 17.gxf3 Bf6 18.c3 Ra6 19.a3 c5 20.Be3 Rc8 21.Rad1 g6 
22.Rd5 Rac6 23.Red1 Be7 24.Rd7 Bf8 25.Rb7 b4 26.axb4 cxb4 27.cxb4 Rc2 28.Rdd7 
Rxb2 29.b5 Rb4 1-0

[Event "Macieja Memorial"]
[Site "Warsaw POL"]
[Date "2022.07.08"]
[Round "8.27"]
[White "Skrzypczynski, Kacper"]
[Black "Grabarczyk, Miroslaw"]
[Result "1-0"]
[WhiteElo "1746"]
[BlackElo "2221"]
[EventDate "????.??.??"]
[PlyCount "68"]

1.d4 d5 2.c4 e6 3.Nc3 Be7 4.Nf3 Nf6 5.g3 O-O 6.Bg2 c6 7.O-O b6 8.Re1 Ba6 9.cxd5 
cxd5 10.Ne5 Bb7 11.Bg5 Nbd7 12.Nxd7 Qxd7 13.Rc1 Rac8 14.Qb3 h6 15.Bxf6 Bxf6 
16.e3 Be7 17.Bf1 Bd6 18.Bd3 h5 19.Ne2 h4 20.Bb1 g6 21.Qd3 Kg7 22.Nf4 Bxf4 
23.exf4 h3 24.g4 Qd6 25.Rxc8 Rxc8 26.f5 Qf4 27.Qg3 Qxg3+ 28.hxg3 Rc4 29.Rd1 
gxf5 30.gxf5 Kf6 31.fxe6 fxe6 32.Kh2 e5 33.dxe5+ Kxe5 34.Kxh3 Kd6 1-0

[Event "Macieja Memorial"]
[Site "Warsaw POL"]
[Date "2022.07.08"]
[Round "8.28"]
[White "Pacan-milej, Kosma"]
[Black "Janeczko, Jakub"]
[Result "1-0"]
[WhiteElo "2183"]
[BlackElo "1877"]
[EventDate "????.??.??"]
[PlyCount "69"]

1.d4 g6 2.c4 Bg7 3.e4 c5 4.d5 d6 5.Nc3 e6 6.h3 Ne7 7.Nf3 O-O 8.Bd3 exd5 9.cxd5 
a6 10.a4 Nd7 11.O-O h6 12.Bf4 Qc7 13.Re1 g5 14.Bh2 Ng6 15.Nd2 Nde5 16.Bf1 Rb8 
17.Qc2 Qe7 18.Rab1 g4 19.hxg4 Nxg4 20.Bg3 Be5 21.Qd3 h5 22.Nc4 h4 23.Bxe5 N6xe5 
24.Qd2 h3 25.Nxe5 dxe5 26.gxh3 Nf6 27.Qg5+ Kh8 28.Qh4+ Kg7 29.Rbd1 Rh8 30.d6 
Rxh4 31.dxe7 Be6 32.Rd8 Rh8 33.Red1 b6 34.Rxb8 Rxb8 35.Rd8 1-0

[Event "Macieja Memorial"]
[Site "Warsaw POL"]
[Date "2022.07.08"]
[Round "8.29"]
[White "Vanduyfhuys, Daria"]
[Black "Reshetniak, Vitaliy"]
[Result "0-1"]
[WhiteElo "1716"]
[BlackElo "2053"]
[EventDate "????.??.??"]
[PlyCount "88"]

1.d4 Nf6 2.c4 e6 3.Nf3 b6 4.g3 Bb7 5.Bg2 Bb4+ 6.Bd2 a5 7.O-O O-O 8.Nc3 d6 9.a3 
Bxc3 10.Bxc3 a4 11.b3 axb3 12.Qxb3 Nbd7 13.Rfd1 h6 14.a4 Be4 15.a5 bxa5 16.Bxa5 
Qc8 17.Ne1 Bxg2 18.Nxg2 Ra7 19.Rdb1 Qa8 20.Bc3 Rb8 21.Qc2 Rxa1 22.Rxa1 Qb7 
23.Ne3 Qb3 24.Qd3 Ne4 25.Ba5 Qb7 26.f3 Nef6 27.Nd1 c6 28.Nc3 Ra8 29.Ne4 Nxe4 
30.fxe4 d5 31.exd5 exd5 32.cxd5 cxd5 33.Qd1 Nf6 34.Bc3 Rxa1 35.Bxa1 Ne4 36.e3 
Qb5 37.Qc2 Qa6 38.Bb2 g6 39.Qc1 Qd3 40.Kg2 Qe2+ 41.Kg1 Ng5 42.Qc8+ Kg7 43.Qd7 
Nf3+ 44.Kh1 Qxh2# 0-1

[Event "Macieja Memorial"]
[Site "Warsaw POL"]
[Date "2022.07.08"]
[Round "8.30"]
[White "Dovzhenko, Alexander"]
[Black "Lee, Hyuk"]
[Result "1-0"]
[WhiteElo "2052"]
[BlackElo "1683"]
[EventDate "????.??.??"]
[PlyCount "55"]

1.e4 e5 2.Nc3 Nf6 3.f4 d5 4.exd5 Nxd5 5.Nf3 Nxc3 6.bxc3 exf4 7.d4 Bd6 8.Bd3 O-O 
9.O-O Qf6 10.Nd2 Qh4 11.Qe2 Bg4 12.Qe4 f5 13.Qe6+ Kh8 14.Nf3 Qf6 15.Qd5 Nc6 
16.Bd2 Bh5 17.Rab1 Bf7 18.Qb5 Ne7 19.c4 c5 20.dxc5 Bc7 21.Qxb7 Rfc8 22.Rfe1 Be8 
23.Qb3 Bc6 24.Bf1 Qg6 25.Rxe7 Rab8 26.Rxc7 Rxb3 27.Rxc8+ Be8 28.Rxb3 1-0

[Event "Macieja Memorial"]
[Site "Warsaw POL"]
[Date "2022.07.08"]
[Round "8.31"]
[White "Michalska, Aleksandra"]
[Black "Grochowski, Krzysztof"]
[Result "1-0"]
[WhiteElo "1733"]
[BlackElo "2019"]
[EventDate "????.??.??"]
[PlyCount "86"]

1.e4 c6 2.d4 d5 3.exd5 cxd5 4.Bd3 Nc6 5.c3 Nf6 6.h3 g6 7.Ne2 Bf5 8.Bf4 Bg7 
9.Na3 O-O 10.O-O Rc8 11.Rc1 a6 12.Qd2 Bxd3 13.Qxd3 b5 14.Nc2 Ne4 15.Ng3 Nd6 
16.a3 Nc4 17.Rb1 Qd7 18.b3 Nd6 19.Ne3 e6 20.Ng4 Nf5 21.Nxf5 gxf5 22.Nh6+ Kh8 
23.g4 Ne7 24.gxf5 Bxh6 25.Bxh6 Nxf5 26.Bxf8 Rxf8 27.f4 Qe7 28.Rb2 Qh4 29.Rg2 
Rg8 30.Rxg8+ Kxg8 31.Rf2 Kf8 32.Rg2 Qe1+ 33.Kh2 Qc1 34.Qf3 Ke7 35.Rf2 h5 
36.Qxh5 Qe1 37.Qf3 Qc1 38.Re2 Nh4 39.Qg4 Ng6 40.f5 Nf8 41.fxe6 Nxe6 42.Qf5 Qxc3 
43.Qxd5 Qd3 1-0

[Event "Macieja Memorial"]
[Site "Warsaw POL"]
[Date "2022.07.08"]
[Round "8.32"]
[White "Goraj, Barbara"]
[Black "Kalus, Franciszek"]
[Result "1-0"]
[WhiteElo "2015"]
[BlackElo "1616"]
[EventDate "????.??.??"]
[PlyCount "43"]

1.e4 e5 2.Nf3 Nc6 3.Bb5 a6 4.Ba4 Nf6 5.O-O Be7 6.Re1 b5 7.Bb3 O-O 8.a4 Bb7 9.c3 
d5 10.exd5 Nxd5 11.axb5 axb5 12.Rxa8 Bxa8 13.Nxe5 Nxe5 14.Rxe5 Nf4 15.d4 Nxg2 
16.Qg4 Bd6 17.Bg5 Qb8 18.Bf6 g6 19.Rh5 Bf4 20.f3 Bxf3 21.Qxg6+ hxg6 22.Rh8# 1-0

[Event "Macieja Memorial"]
[Site "Warsaw POL"]
[Date "2022.07.08"]
[Round "8.33"]
[White "Lee, Hyo"]
[Black "Krogulski, Maksymilian"]
[Result "1-0"]
[WhiteElo "2010"]
[BlackElo "1534"]
[EventDate "????.??.??"]
[PlyCount "83"]

1.e4 c5 2.Nf3 Nc6 3.d4 cxd4 4.Nxd4 Qb6 5.Nb3 Nf6 6.Nc3 e6 7.Be3 Qc7 8.f3 Bb4 
9.Qd2 d5 10.a3 Bxc3 11.Qxc3 dxe4 12.O-O-O exf3 13.gxf3 Bd7 14.Rg1 O-O-O 15.Bc4 
Ne7 16.Bxa7 Ned5 17.Qd4 e5 18.Qc5 Qxc5 19.Bxc5 Be6 20.Rxg7 Rhg8 21.Rdg1 Rxg7 
22.Rxg7 b6 23.Bxd5 Bxd5 24.Be7 Rg8 25.Bxf6 Rxg7 26.Bxg7 Bxf3 27.Bxe5 Kd7 28.Kd2 
Ke6 29.Nd4+ Kxe5 30.Nxf3+ Kf4 31.Ke2 Kg4 32.Kf2 Kf4 33.c4 Ke4 34.Ke2 h6 35.b4 
Kf4 36.a4 Ke4 37.a5 bxa5 38.bxa5 Kf4 39.a6 Kg4 40.a7 Kh5 41.a8=N Kg4 42.c5 1-0

[Event "Macieja Memorial"]
[Site "Warsaw POL"]
[Date "2022.07.08"]
[Round "8.34"]
[White "Olszewski, Michal"]
[Black "Owoc, Jakub"]
[Result "1-0"]
[WhiteElo "2344"]
[BlackElo "1779"]
[EventDate "????.??.??"]
[PlyCount "41"]

1.Nf3 Nf6 2.c4 g6 3.Nc3 Bg7 4.e4 d6 5.d4 O-O 6.h3 e5 7.d5 Na6 8.Bg5 h6 9.Be3 
Bd7 10.Nd2 Nh5 11.g3 f5 12.exf5 Qe8 13.fxg6 Qxg6 14.Nde4 Rae8 15.Be2 Nf4 
16.gxf4 exf4 17.Bd4 Qg2 18.Bf3 Qg6 19.Bxg7 Kxg7 20.Qd4+ Kh7 21.O-O-O 1-0

[Event "Macieja Memorial"]
[Site "Warsaw POL"]
[Date "2022.07.08"]
[Round "8.35"]
[White "Hryszkiewicz, Michal"]
[Black "Socko, Monika"]
[Result "0-1"]
[WhiteElo "1787"]
[BlackElo "2286"]
[EventDate "????.??.??"]
[PlyCount "78"]

1.d4 e6 2.Bf4 b6 3.e3 Bb7 4.Nf3 Nf6 5.Nbd2 c5 6.c3 Be7 7.Bd3 O-O 8.h3 d6 9.O-O 
Nbd7 10.Bh2 Re8 11.e4 Bf8 12.Re1 e5 13.d5 g6 14.a4 a6 15.Nc4 Qc7 16.Qb3 Bg7 
17.Nfd2 Nh5 18.g4 Nf4 19.Bxf4 exf4 20.f3 Rab8 21.Be2 Bc8 22.Kg2 Nf8 23.Rh1 h5 
24.Qc2 Nh7 25.Nf1 Qe7 26.Qd2 Be5 27.Nxe5 Qxe5 28.Rb1 f5 29.gxh5 fxe4 30.hxg6 
Ng5 31.Rg1 exf3+ 32.Bxf3 Bxh3+ 33.Kf2 Nxf3 34.Kxf3 Qe4+ 35.Kf2 Qxb1 36.Nh2 Qe4 
37.Re1 Qxe1+ 38.Qxe1 Rxe1 39.Kxe1 Kg7 0-1

[Event "Macieja Memorial"]
[Site "Warsaw POL"]
[Date "2022.07.08"]
[Round "8.36"]
[White "Sriram, Jha"]
[Black "Basiaga, Sebastian"]
[Result "1-0"]
[WhiteElo "2239"]
[BlackElo "1763"]
[EventDate "????.??.??"]
[PlyCount "69"]

1.d4 d5 2.Nf3 Nf6 3.c4 c6 4.Nc3 e6 5.g3 Nbd7 6.Bg2 Be7 7.O-O b6 8.Nd2 Bb7 9.e4 
dxe4 10.Ndxe4 Nxe4 11.Nxe4 Nf6 12.Re1 O-O 13.a3 Qd7 14.Qc2 Nxe4 15.Bxe4 g6 
16.Be3 Bf6 17.Rad1 Rfd8 18.c5 b5 19.a4 a6 20.h4 Bg7 21.h5 Qc7 22.b4 e5 23.dxe5 
Bxe5 24.hxg6 hxg6 25.Bg5 f6 26.Be3 f5 27.Bg2 Qg7 28.Bg5 Bf6 29.Qb3+ Kf8 30.Qe3 
Re8 31.Bh6 Rxe3 32.Bxg7+ Bxg7 33.Rxe3 bxa4 34.Rd7 Bc8 35.Rd8+ 1-0

[Event "Macieja Memorial"]
[Site "Warsaw POL"]
[Date "2022.07.08"]
[Round "9.1"]
[White "Klekowski, Maciej"]
[Black "Brodowski, Piotr"]
[Result "1-0"]
[WhiteElo "2476"]
[BlackElo "2431"]
[EventDate "????.??.??"]
[PlyCount "61"]

1.c4 g6 2.Nc3 Bg7 3.g3 d6 4.Bg2 e5 5.e3 Ne7 6.Nge2 Nbc6 7.d4 exd4 8.exd4 Bg4 
9.h3 Bxe2 10.Nxe2 O-O 11.O-O Nf5 12.d5 Ne5 13.Qc2 Re8 14.Bd2 a6 15.Rae1 Qb8 
16.Be4 b5 17.b3 Qb6 18.Kg2 bxc4 19.Bxf5 cxb3 20.Qxb3 Qxb3 21.axb3 gxf5 22.Nd4 
Nd3 23.Rxe8+ Rxe8 24.Nxf5 Re2 25.Be3 Rb2 26.Nxg7 Kxg7 27.Bd4+ Kg6 28.Bxb2 Nxb2 
29.Rc1 Nd3 30.Rxc7 Nb4 31.Rc6 1-0

[Event "Macieja Memorial"]
[Site "Warsaw POL"]
[Date "2022.07.08"]
[Round "9.2"]
[White "Nasuta, Grzegorz"]
[Black "Wieczorek, Oskar"]
[Result "1/2-1/2"]
[WhiteElo "2366"]
[BlackElo "2330"]
[EventDate "????.??.??"]
[PlyCount "109"]

1.e4 c5 2.Nf3 e6 3.d4 cxd4 4.Nxd4 Nf6 5.Nc3 d6 6.Be3 Nc6 7.f3 Be7 8.Qd2 O-O 
9.O-O-O a6 10.g4 Nxd4 11.Bxd4 b5 12.Kb1 b4 13.Ne2 a5 14.g5 Nd7 15.h4 Ne5 16.f4 
Nc4 17.Qe1 Qc7 18.Nc1 e5 19.Bxc4 Qxc4 20.fxe5 dxe5 21.Bxe5 Bb7 22.Bd4 Rac8 
23.Rh2 Rfe8 24.Qe3 Bc5 25.Bxc5 Qxc5 26.Qxc5 Rxc5 27.Nd3 Rb5 28.Re2 a4 29.Kc1 b3 
30.axb3 axb3 31.cxb3 Rxb3 32.Nc5 Rb5 33.Nxb7 Rxb7 34.Rd4 Rb6 35.b4 h6 36.Kb2 
hxg5 37.hxg5 Rb5 38.Rg2 Ree5 39.Kc3 Rxg5 40.Rxg5 Rxg5 41.Kc4 Kf8 42.b5 Ke7 
43.b6 Rg1 44.Kc5 Rc1+ 45.Kb5 Rb1+ 46.Kc6 Rc1+ 47.Kb5 Rb1+ 48.Ka6 Ra1+ 49.Kb7 g5 
50.Rc4 g4 51.e5 g3 52.Rg4 Ra3 53.Kc7 Rc3+ 54.Kb8 Ke6 55.Rg7 1/2-1/2

[Event "Macieja Memorial"]
[Site "Warsaw POL"]
[Date "2022.07.08"]
[Round "9.3"]
[White "Markowski, Tomasz"]
[Black "Kowalski, Igor"]
[Result "0-1"]
[WhiteElo "2504"]
[BlackElo "2287"]
[EventDate "????.??.??"]
[PlyCount "116"]

1.d4 d5 2.Nf3 Nf6 3.c4 c6 4.cxd5 cxd5 5.Nc3 Nc6 6.Bf4 a6 7.Rc1 Bf5 8.e3 Rc8 
9.Be2 h6 10.O-O Ne4 11.Nxe4 Bxe4 12.Nd2 Bf5 13.Nb3 e6 14.Nc5 Bxc5 15.dxc5 e5 
16.Bg3 O-O 17.a3 Qd7 18.b4 Rfd8 19.Qb3 d4 20.Bc4 d3 21.Rfd1 e4 22.Rd2 Bg6 
23.Rf1 Qe7 24.f3 Kh7 25.Bd6 Qg5 26.Bf4 Qe7 27.fxe4 Qxe4 28.Qc3 f6 29.h3 Rd7 
30.Kh2 Rcd8 31.Re1 Ne5 32.Bb3 Bf5 33.Rf1 Bg6 34.Ba2 Nc6 35.Bb1 Ne5 36.Ba2 Nc6 
37.Rff2 Re8 38.Bb1 Red8 39.Ba2 Re8 40.Rf1 Red8 41.Rfd1 Ne5 42.Rf1 Nc6 43.Rb1 
Bf7 44.Bxf7 Rxf7 45.a4 Ne5 46.Bxe5 Qxe5+ 47.Qxe5 fxe5 48.b5 e4 49.Rb4 Re7 
50.Kg3 Rd5 51.Rc4 g5 52.Kg4 axb5 53.axb5 Kg6 54.Kg3 Kf5 55.h4 Rc7 56.Rf2+ Ke5 
57.c6 bxc6 58.bxc6 d2 0-1

[Event "Macieja Memorial"]
[Site "Warsaw POL"]
[Date "2022.07.08"]
[Round "9.5"]
[White "Kuzmicz, Krystian"]
[Black "Krasenkow, Michal"]
[Result "1-0"]
[WhiteElo "2307"]
[BlackElo "2369"]
[EventDate "????.??.??"]
[PlyCount "113"]

1.e4 c5 2.d3 e5 3.g3 Nc6 4.Bg2 g6 5.f4 d6 6.Nf3 Bg7 7.O-O Nge7 8.f5 gxf5 9.Nh4 
f4 10.Qh5 Ng6 11.Nf5 Bf6 12.Nc3 Be6 13.gxf4 exf4 14.Bxf4 Nxf4 15.Rxf4 Qd7 
16.Raf1 Be5 17.R4f3 O-O-O 18.Nd5 Bxd5 19.exd5 Nd4 20.Nxd4 Bxd4+ 21.Kh1 Kb8 
22.Rxf7 Qa4 23.Qh4 Qxa2 24.b4 Qa6 25.bxc5 Bxc5 26.c4 Qb6 27.Be4 a5 28.d4 Bxd4 
29.Rb1 Qa6 30.Qe7 Bb6 31.c5 dxc5 32.d6 c4 33.Qxb7+ Qxb7 34.Rxb7+ Kc8 35.R1xb6 
Rxd6 36.Rxd6 Re8 37.Rd4 c3 38.Rb3 c2 39.Rc3+ Kb8 40.Rxc2 Re5 41.Rg2 a4 42.Rxa4 
Kc7 43.Bxh7 Kb6 44.Rc4 Kb5 45.Rc1 Kb4 46.Rb2+ Ka3 47.Rb8 Ka2 48.Rc7 Ra5 49.h4 
Ka1 50.Bg6 Ra2 51.h5 Ra3 52.Kg2 Ka2 53.Rc2+ Ka1 54.Rc1+ Ka2 55.Bb1+ Ka1 56.Bd3+ 
Ka2 57.Bc4+ 1-0

[Event "Macieja Memorial"]
[Site "Warsaw POL"]
[Date "2022.07.08"]
[Round "9.6"]
[White "Karolczuk, Iwo"]
[Black "Heberla, Bartlomiej"]
[Result "0-1"]
[WhiteElo "2281"]
[BlackElo "2361"]
[EventDate "????.??.??"]
[PlyCount "115"]

1.b3 e6 2.Bb2 d5 3.Nf3 Nf6 4.g3 c5 5.Bg2 Nc6 6.O-O Be7 7.c4 d4 8.e3 O-O 9.exd4 
cxd4 10.Re1 Bc5 11.d3 Re8 12.Ne5 Nxe5 13.Rxe5 Qd6 14.Re1 e5 15.Nd2 Rb8 16.Ne4 
Nxe4 17.Bxe4 Bd7 18.Qf3 Bc6 19.Bxc6 bxc6 20.Re2 Re6 21.Rae1 Bb4 22.Rf1 Rbe8 
23.Rd1 a5 24.Qg2 f5 25.f3 h5 26.Qh3 g6 27.g4 hxg4 28.fxg4 f4 29.Qf3 g5 30.h4 
gxh4 31.Rh2 Rh6 32.Kh1 Qg6 33.Bc1 Be7 34.Rg1 Bg5 35.Re1 Rh7 36.a3 Rb7 37.Rb2 h3 
38.b4 axb4 39.Rxb4 Rbe7 40.Rb6 e4 41.dxe4 Rxe4 42.Rxe4 Qxe4 43.Qxe4 Rxe4 44.Kh2 
Re1 45.Bb2 d3 46.Bc3 d2 47.Bxd2 Re2+ 48.Kxh3 Rxd2 49.Rxc6 Kf7 50.Rc5 Kg6 
51.Rc6+ Bf6 52.Rc5 Rd3+ 53.Kg2 Rxa3 54.Rf5 Rg3+ 55.Kf2 Rxg4 56.Rd5 Rg3 57.c5 
Rc3 58.Kg2 0-1

[Event "Macieja Memorial"]
[Site "Warsaw POL"]
[Date "2022.07.08"]
[Round "9.7"]
[White "Dziuba, Marcin"]
[Black "Mickiewicz, Piotr"]
[Result "1-0"]
[WhiteElo "2466"]
[BlackElo "2209"]
[EventDate "????.??.??"]
[PlyCount "87"]

1.d4 Nf6 2.Nf3 g6 3.b3 Bg7 4.Bb2 O-O 5.g3 d6 6.Bg2 c5 7.dxc5 Qa5+ 8.Nbd2 Qxc5 
9.O-O Nc6 10.c4 Bf5 11.Ne1 Rac8 12.Nd3 Bxd3 13.exd3 d5 14.Rc1 d4 15.a3 a5 
16.Re1 e5 17.Rc2 Nd7 18.Ne4 Qb6 19.Nd6 Qxb3 20.Nxc8 Rxc8 21.Rce2 Qxd1 22.Rxd1 
Nc5 23.Bc1 f5 24.Bd5+ Kf8 25.Rb2 Na4 26.Rxb7 Nd8 27.Ra7 Nc3 28.Re1 e4 29.Bg5 
Nc6 30.Ra6 Nxd5 31.cxd5 Ne5 32.Kg2 Nxd3 33.Rb1 Nc5 34.Ra7 h6 35.Be7+ Kg8 
36.Bxc5 Rxc5 37.Rb8+ Bf8 38.Raa8 d3 39.Rxf8+ Kg7 40.d6 d2 41.Rg8+ Kf6 42.d7 Rd5 
43.d8=Q+ Rxd8 44.Rgxd8 1-0

[Event "Macieja Memorial"]
[Site "Warsaw POL"]
[Date "2022.07.08"]
[Round "9.8"]
[White "Kosakowski, Jakub"]
[Black "Smieszek, Wojciech"]
[Result "1-0"]
[WhiteElo "2476"]
[BlackElo "2034"]
[EventDate "????.??.??"]
[PlyCount "90"]

1.e4 c5 2.Nf3 g6 3.c3 Bg7 4.d4 cxd4 5.cxd4 d5 6.e5 Nh6 7.h3 O-O 8.Nc3 Bf5 9.Be2 
Nc6 10.O-O Be4 11.Ng5 Qb6 12.Be3 Qxb2 13.Ncxe4 dxe4 14.Nxe4 Nf5 15.Bc4 Ncxd4 
16.Rb1 Qc2 17.Qxc2 Nxc2 18.Bf4 Na3 19.Rb4 a5 20.Ra4 Nxc4 21.Rxc4 b5 22.Rc7 Rac8 
23.Rfc1 Rxc7 24.Rxc7 Nd4 25.Be3 Bxe5 26.Rxe7 Bg7 27.Rb7 b4 28.Ra7 Nc6 29.Ra6 
Rc8 30.Nd6 Nb8 31.Ra8 Rd8 32.Bb6 Rxd6 33.Rxb8+ Bf8 34.Bc5 Rd1+ 35.Kh2 Kg7 
36.Bxf8+ Kf6 37.Rb5 a4 38.Rxb4 Rd2 39.Rxa4 Rxf2 40.Ra6+ Kf5 41.a4 h5 42.a5 g5 
43.Be7 Ke5 44.Bxg5 Ra2 45.Ra8 Kd5 1-0

[Event "Macieja Memorial"]
[Site "Warsaw POL"]
[Date "2022.07.08"]
[Round "9.9"]
[White "Janik, Igor"]
[Black "Jedrusik, Adam"]
[Result "1-0"]
[WhiteElo "2456"]
[BlackElo "1854"]
[EventDate "????.??.??"]
[PlyCount "87"]

1.e4 c6 2.Nf3 d5 3.d3 dxe4 4.dxe4 Qxd1+ 5.Kxd1 Bg4 6.Be2 Nf6 7.Nfd2 Bxe2+ 
8.Kxe2 Nbd7 9.f3 O-O-O 10.a4 e5 11.Nc4 Bc5 12.c3 Rhe8 13.b4 Bf8 14.Be3 Kb8 
15.Nbd2 Nh5 16.Rhd1 Nf4+ 17.Bxf4 exf4 18.Kf1 Be7 19.Nb3 Bf6 20.Rd3 Kc7 21.Rad1 
Ne5 22.Nxe5 Bxe5 23.Ke2 Rxd3 24.Rxd3 h5 25.Nd2 h4 26.Nc4 h3 27.gxh3 b5 28.axb5 
cxb5 29.Na3 Kb6 30.Rd5 Bxc3 31.Kd3 Bf6 32.Rxb5+ Kc7 33.Rc5+ Kb7 34.Nc4 Rd8+ 
35.Rd5 Rh8 36.e5 Bg5 37.Rd7+ Kb8 38.Rxf7 Rxh3 39.Ke4 Rxh2 40.Rxg7 Bh6 41.Rh7 
Re2+ 42.Kd5 Bg5 43.Kc6 Rc2 44.Rh8+ 1-0

[Event "Macieja Memorial"]
[Site "Warsaw POL"]
[Date "2022.07.08"]
[Round "9.10"]
[White "Sarkar, Justin"]
[Black "Warakomski, Tomasz"]
[Result "1/2-1/2"]
[WhiteElo "2006"]
[BlackElo "2397"]
[EventDate "????.??.??"]
[PlyCount "106"]

1.e4 c5 2.Nf3 e6 3.d4 cxd4 4.Nxd4 a6 5.c4 Nf6 6.Nc3 Bb4 7.Qd3 O-O 8.e5 Ne8 9.a3 
Bxc3+ 10.Qxc3 d6 11.Bf4 dxe5 12.Bxe5 f6 13.Bg3 e5 14.Nc2 Nc6 15.Bd3 Be6 16.O-O 
Rc8 17.f4 Qc7 18.fxe5 Nxe5 19.Bxe5 fxe5 20.Rxf8+ Kxf8 21.Bxh7 Bxc4 22.Ne3 Bf7 
23.Qxc7 Rxc7 24.Be4 Nf6 25.Bf3 e4 26.Be2 Bb3 27.Kf2 Kf7 28.Bd1 Be6 29.Be2 Ke7 
30.Rd1 a5 31.h4 Rd7 32.Rxd7+ Kxd7 33.g4 g6 34.g5 Ne8 35.Kg3 Nd6 36.Kf4 Ke7 
37.h5 gxh5 38.Bxh5 b5 39.Bd1 b4 40.axb4 axb4 41.Bc2 Nb5 42.Bxe4 Nd4 43.Nd5+ 
Bxd5 44.Bxd5 Nc2 45.Ke4 Kf8 46.Kd3 Na1 47.Kc4 Nc2 48.Kb3 Ne3 49.Be4 Nd1 50.Kxb4 
Nxb2 51.Bc6 Kg7 52.Kc3 Kg6 53.Kxb2 Kxg5 1/2-1/2

[Event "Macieja Memorial"]
[Site "Warsaw POL"]
[Date "2022.07.08"]
[Round "9.11"]
[White "Chylewski, Patryk"]
[Black "Sieciechowicz, Marcin"]
[Result "0-1"]
[WhiteElo "2131"]
[BlackElo "2228"]
[EventDate "????.??.??"]
[PlyCount "88"]

1.e4 c5 2.Nf3 d6 3.c3 Nf6 4.h3 Bd7 5.Bd3 Bc6 6.Qe2 e5 7.Bc2 Nbd7 8.O-O Be7 9.d4 
b6 10.Rd1 Qc7 11.a4 O-O 12.d5 Bb7 13.a5 bxa5 14.Qb5 Nb6 15.Qxa5 c4 16.Be3 Rfc8 
17.Qb4 Nfd7 18.Nbd2 g6 19.Ra5 f5 20.Bg5 Bf8 21.Nf1 f4 22.g3 h6 23.gxf4 hxg5 
24.Nxg5 Nc5 25.fxe5 dxe5 26.Qb5 a6 27.Qb4 Bd6 28.Qa3 Nb3 29.Qa2 Nxa5 30.Qxa5 
Qe7 31.h4 Nd7 32.Qa1 Rf8 33.Ne3 Rf4 34.Ng2 Rxh4 35.Nxh4 Qxg5+ 36.Ng2 Rf8 37.Qa4 
Nc5 38.Qxc4 Rf4 39.b4 Rg4 40.Qf1 Nxe4 41.Bxe4 Rxe4 42.Rb1 Bxd5 43.Qd3 Rd4 
44.Qg3 Rg4 0-1

[Event "Macieja Memorial"]
[Site "Warsaw POL"]
[Date "2022.07.08"]
[Round "9.12"]
[White "Pires, Emanuel Joao Robarts"]
[Black "Koziorowicz, Michal"]
[Result "0-1"]
[WhiteElo "2037"]
[BlackElo "2202"]
[EventDate "????.??.??"]
[PlyCount "82"]

1.e4 c5 2.d4 cxd4 3.c3 d3 4.Bxd3 Nc6 5.Nf3 g6 6.h3 Bg7 7.O-O d6 8.Qe2 Nf6 9.Rd1 
Qa5 10.Na3 O-O 11.Nc4 Qh5 12.Bf4 Be6 13.Ne3 Rac8 14.Nf1 Nd7 15.Ng3 Qa5 16.Bc2 
Nde5 17.Ng5 Bc4 18.Qd2 h6 19.Nf3 Nxf3+ 20.gxf3 Kh7 21.Kh2 Ne5 22.Bxe5 Qxe5 
23.Qe3 Qc5 24.Qd2 b5 25.Nf1 Bxf1 26.Rxf1 b4 27.Rac1 bxc3 28.bxc3 Bxc3 29.Qe2 
Qe5+ 30.Kg2 Qg5+ 31.Kh1 Be5 32.Rg1 Qf4 33.Kg2 Qh2+ 34.Kf1 Qxh3+ 35.Ke1 Rc5 
36.Rb1 Rfc8 37.Bb3 Rc1+ 38.Kd2 Bf4+ 39.Kd3 R1c3+ 40.Kd4 Be5+ 41.Kd5 Qe6# 0-1

[Event "Macieja Memorial"]
[Site "Warsaw POL"]
[Date "2022.07.08"]
[Round "9.13"]
[White "Socko, Bartosz"]
[Black "Dovzhenko, Alexander"]
[Result "1/2-1/2"]
[WhiteElo "2624"]
[BlackElo "2052"]
[EventDate "????.??.??"]
[PlyCount "80"]

1.e4 c5 2.Nf3 d6 3.d4 cxd4 4.Nxd4 Nf6 5.Nc3 a6 6.g3 e6 7.Bg2 Be7 8.O-O O-O 
9.Be3 Qc7 10.h3 Nc6 11.Nde2 b5 12.a3 Bb7 13.g4 Rfd8 14.Ng3 Ne5 15.g5 Nfd7 
16.Qe2 Nc4 17.Bc1 Nf8 18.f4 d5 19.exd5 exd5 20.Kh1 Ng6 21.Qg4 d4 22.Nce4 Ne3 
23.Bxe3 dxe3 24.f5 Ne5 25.Qf4 Rac8 26.f6 Bf8 27.fxg7 Bxg7 28.Nh5 e2 29.Rfe1 Ng6 
30.Nef6+ Kh8 31.Qxc7 Rxc7 32.Bxb7 Rxb7 33.Rxe2 h6 34.gxh6 Bxh6 35.Rae1 Rbb8 
36.c3 Bg5 37.Rg1 Bxf6 38.Nxf6 Rb6 39.Rf1 Kg7 40.Ng4 Rd7 1/2-1/2

[Event "Macieja Memorial"]
[Site "Warsaw POL"]
[Date "2022.07.08"]
[Round "9.14"]
[White "Pakleza, Zbigniew"]
[Black "Chomczyk, Marek"]
[Result "1-0"]
[WhiteElo "2467"]
[BlackElo "2172"]
[EventDate "????.??.??"]
[PlyCount "73"]

1.d4 Nf6 2.Nf3 g6 3.Bf4 Bg7 4.e3 O-O 5.Be2 d6 6.h3 c5 7.c3 Qb6 8.Qb3 Be6 9.Qxb6 
axb6 10.a3 Bd5 11.Nbd2 Bc6 12.O-O b5 13.Rfe1 Nbd7 14.Bf1 Ra4 15.Rac1 Re8 16.Bg3 
e5 17.Red1 b4 18.axb4 cxb4 19.b3 Ra3 20.cxb4 Bxf3 21.Nxf3 Rxb3 22.dxe5 dxe5 
23.Rc7 Rxb4 24.Rdxd7 Nxd7 25.Rxd7 Rb1 26.Nd2 Rd1 27.Kh2 e4 28.Be2 Rc1 29.Bc4 
Rf8 30.Rxb7 Rc2 31.Rd7 h5 32.h4 Bb2 33.Bb3 Rc3 34.Bd5 Rd3 35.Nxe4 Kg7 36.Ng5 
Kh6 37.Bf4 1-0

[Event "Macieja Memorial"]
[Site "Warsaw POL"]
[Date "2022.07.08"]
[Round "9.15"]
[White "Danielyan, Vahe"]
[Black "Goraj, Barbara"]
[Result "0-1"]
[WhiteElo "2419"]
[BlackElo "2015"]
[EventDate "????.??.??"]
[PlyCount "71"]

1.e4 c5 2.Nc3 Nc6 3.Bb5 Nd4 4.Bc4 e6 5.Nf3 a6 6.O-O b5 7.Bd3 Bb7 8.Nxd4 cxd4 
9.Ne2 Qb6 10.c3 dxc3 11.dxc3 Bc5 12.b4 Be7 13.Be3 Qc7 14.a4 bxa4 15.Qxa4 Nf6 
16.f3 O-O 17.Qa5 Qxa5 18.Rxa5 d5 19.e5 Nd7 20.f4 Bd8 21.Ra2 Bc7 22.Rfa1 f6 
23.exf6 Nxf6 24.Nd4 Rfe8 25.Bxa6 Bxa6 26.Rxa6 Rxa6 27.Rxa6 e5 28.fxe5 Rxe5 
29.Bf4 Re1+ 30.Kf2 Re7 31.Bxc7 Rxc7 32.b5 Ne4+ 33.Ke2 Nxc3+ 34.Kd3 Ne4 35.Ne6 
Rb7 36.Ra8+ 0-1

[Event "Macieja Memorial"]
[Site "Warsaw POL"]
[Date "2022.07.08"]
[Round "9.16"]
[White "Kanarek, Marcel"]
[Black "Kubiak, Jakub"]
[Result "1-0"]
[WhiteElo "2394"]
[BlackElo "1812"]
[EventDate "????.??.??"]
[PlyCount "103"]

1.e4 c5 2.Nf3 e6 3.d4 cxd4 4.Nxd4 Nf6 5.Nc3 Nc6 6.Ndb5 Bb4 7.a3 Bxc3+ 8.Nxc3 d5 
9.exd5 exd5 10.Bd3 O-O 11.O-O d4 12.Ne2 Bg4 13.Bg5 Bxe2 14.Qxe2 Re8 15.Qf3 Qd5 
16.Bxf6 Qxf3 17.gxf3 gxf6 18.f4 Re7 19.Kg2 Rae8 20.Kf3 a6 21.Rg1+ Kh8 22.Rg3 
Re1 23.Rxe1 Rxe1 24.Rh3 Rb1 25.b3 b5 26.Rxh7+ Kg8 27.Rh5 Ra1 28.Rc5 Ne7 29.Rc7 
Kf8 30.Rd7 Rxa3 31.Rxd4 Nc6 32.Rd6 Nb4 33.Bf5 a5 34.h4 a4 35.h5 Kg7 36.Rd1 axb3 
37.cxb3 Rxb3+ 38.Ke4 Na2 39.Rg1+ Kh6 40.Rg8 Rb4+ 41.Ke3 Rb3+ 42.Kd2 Rb2+ 43.Ke3 
Nc3 44.Rh8+ Kg7 45.Rh7+ Kg8 46.h6 Nd5+ 47.Ke4 Nc3+ 48.Kd3 Nd5 49.Rg7+ Kf8 
50.Rg1 Rxf2 51.h7 Rh2 52.Rg8+ 1-0